Cooper's toxic exposures desk reference

Αποθηκεύτηκε σε:
Λεπτομέρειες βιβλιογραφικής εγγραφής
Κύριος συγγραφέας: Cooper, Andre R.
Μορφή: Βιβλίο
Γλώσσα:English
Δημοσίευση: New York : Lewis Publishers, c1997
Θέματα:
Ετικέτες: Προσθήκη ετικέτας
Δεν υπάρχουν, Καταχωρήστε ετικέτα πρώτοι!

MARC

LEADER 00000nam a2200000 i 4500
001 1/17448
008 981006s1997 eng d
020 |a 1-56670-220-8 
035 |l 10020562 
040 |a GR-MY-UA  |b gre  |e aacr 
041 0 |a eng 
082 0 |a 615.9 
100 1 |a Cooper, Andre R. 
245 1 0 |a Cooper's toxic exposures desk reference /  |c Compiled and edited by Andre R. Cooper 
260 |a New York :   |b Lewis Publishers,   |c c1997 
300 |a 2006 p.  |b tabl.  |e 1 cdrom 
504 |a Includes index 
650 0 0 |a Toxicology  |x Handbooks, manuals, etc. 
650 0 0 |a Industrial toxicology  |x Handbooks, manuals, etc. 
650 0 0 |a Environmental toxicology  |x Handbooks, manuals, etc. 
852 |a INST  |b LESVOS  |e 19981006  |h 615.9 COO  |p 005100012985  |q 005100012985  |t REF  |y 23 
852 |a INST  |b LESVOS  |e 20000801  |h 615.9 COO   |p 005100026517  |q 005100026517  |t REF  |y 23 
901 |a BIBL-1998-3 
909 |a Λ  |b 059212 
909 |a Λ  |b 059213 
922 |a 1ΕΛΗ  |b 199809  |c ΚΠΣ/ΤΠ  |d ΠΑΠΑΣΩΤΗΡΙΟΥ 
950 |a 107-1998-06-03